000 00631nam a2200277Ia 4500
005 20260324145942.0
008 008 260324s9999 xx 000 0 eng d
020 _a9781003316145
037 _aEBOOK
040 _aCRL
040 _beng
040 _cCRL
041 _2eng
041 _aeng
084 _qCRL
100 _aFatima Meer
_9115416
245 0 _aRace and Suicide in South Africa
260 _bTaylor and Francis
260 _c1976
365 _a
365 _b180
856 _uhttp://www.taylorfrancis.com/books/9781003316145
942 _cEBOOK
999 _c1833399
_d1833399